Sul rapporto fra tecnologia e formazione (Record n. 79876)

Dettagli MARC
000 -LEADER
fixed length control field 01185nam a2200289Ia 4500
001 - CONTROL NUMBER
control field F4661
003 - CONTROL NUMBER IDENTIFIER
control field IT-RoPAU
008 - FIXED-LENGTH DATA ELEMENTS--GENERAL INFORMATION
fixed length control field 130308s9999 xx 000 0 und d
040 ## - CATALOGING SOURCE
Original cataloging agency IT-RoPAU
040 ## - CATALOGING SOURCE
Transcribing agency IT-RoPAU
041 ## - LANGUAGE CODE
Language code of text/sound track or separate title ITALIANO
100 ## - MAIN ENTRY--PERSONAL NAME
Personal name Boniolo Bruno
100 ## - MAIN ENTRY--PERSONAL NAME
Miscellaneous information Codice Aut. SPICS: 51708
245 ## - TITLE STATEMENT
Title Sul rapporto fra tecnologia e formazione
245 ## - TITLE STATEMENT
Remainder of title Tecnologia per Il XXI Secolo (La)
250 ## - EDITION STATEMENT
Edition statement 1a ed.
260 ## - PUBLICATION, DISTRIBUTION, ETC. (IMPRINT)
Place of publication, distribution, etc. TORINO
260 ## - PUBLICATION, DISTRIBUTION, ETC. (IMPRINT)
Name of publisher, distributor, etc. Einaudi
260 ## - PUBLICATION, DISTRIBUTION, ETC. (IMPRINT)
Date of publication, distribution, etc. 1998 [1° Ed.:1998 - Ed.Ling.Originale:1998]
300 ## - PHYSICAL DESCRIPTION
Extent "30 p. (prefazione: no ; testo: 30 [pagine: 156-185])"
500 ## - GENERAL NOTE
General note Intervenire Sul livello Logico delle reti o su Quello delle Applicazioni? Riferimenti per una Formazione Alla Tecnologia: Problemi di Autoregolazionenella Costruzione della Conoscenza: Formazione Permanente e Formazione a Distanza, Moltiplicazione degli Allievi e dei Formatori, studiare le Macchine o con le Macchine? tecnologie Didattiche: insegnare con le Macchine: variabili in Gioco, Interazione e Valutazione.
650 ## - SUBJECT ADDED ENTRY--TOPICAL TERM
Topical term or geographic name as entry element POLITICA DELLA COMUNICAZIONE SOCIALE
650 ## - SUBJECT ADDED ENTRY--TOPICAL TERM
Relator term Codice materia Spics: 3803
942 ## - ADDED ENTRY ELEMENTS (KOHA)
Koha item type LIBRO
957 ## -
-- 1
999 ## - SYSTEM CONTROL NUMBERS (KOHA)
-- 1
Dati di copia
Withdrawn status Lost status Damaged status Not for loan Home library Current library Date acquired Total Checkouts Full call number Date last seen Price effective from Koha item type Public note
    Buone Condizioni Not For Loan SPICS-MEDIATECA SPICS-MEDIATECA 08/03/2013   F4661 08/03/2013 08/03/2013 LIBRO Progressivo inserimento: 12685 / N. Volumi: 0 [=Contributo] Copie: 1 / data import: 1 marzo 2013 - By Epidotti, Trombetti, Vaglietti.
CREDITS: SOCIETA' SAN PAOLO Via A.Severo, 58 - ROMA (RM) & PERIODICI SAN PAOLO SRL Via Giotto, 36 MILANO & CISF Via Giotto, 36 MILANO & EDIZIONI SAN PAOLO SRL,  Piazza Soncino, 5 CINISELLO BALSAMO (MI) -- ITALY